000 00566cam a22002052 4500
001 0000009278
005 20151217145849.0
008 080921s xx 000 0 eng d
020 _a0071101974 :
_cBSP 38
040 _aKABU
_cKABU
050 0 _aQH541
_b.M65 2008
100 1 _aMolles, Manuel C.
_@0000160463
245 1 0 _aEcology :
_bconcepts and applications.
260 _aBoston :
_bMcGraw-Hill,
_c2008.
300 _axx, 604 p.
650 0 _aEcology.
_@0000155307
908 _a080921
950 _@1
999 _c3423
_d3423